[Event "Maastricht Limburg op-B 6th"]
[Site "Maastricht"]
[Date "2012.05.27"]
[Round "4"]
[White "Koelmans, Jan Willem"]
[Black "Braam, Marco"]
[Result "1-0"]
[WhiteElo "2027"]
[BlackElo "1707"]
[PlyCount "119"]
[EventDate "2012.05.25"]
[EventType "swiss"]
[EventRounds "7"]
[EventCountry "NED"]
[SourceTitle "EXT 2013"]
[Source "ChessBase"]
[SourceDate "2012.11.22"]
[SourceVersion "1"]
[SourceVersionDate "2012.11.22"]
[SourceQuality "1"]

1. d4 d5 2. c4 e6 3. Nc3 c6 4. Nf3 Bd6 5. Bg5 f6 6. Bh4 Ne7 7. e3 Ng6 8. Bg3 Bxg3 9. hxg3 Qb6 10. Qc2 Kf7 11. Bd3 Qd8 12. 0-0-0 dxc4 13. Bxc4 b5 14. Bb3 a5 15. d5 Qe7 16. dxc6 Nxc6 17. Nxb5 Ba6 18. Nd6+ Kf8 19. Qxg6 Qc7 20. Kb1 Rd8 21. Ng5 hxg6 22. Nxe6+ Ke7 23. Nxc7 Bd3+ 24. Kc1 Rxh1 25. Rxh1 Kxd6 26. Ne6 Rc8 27. Kd2 Bb5 28. Nd4 Nxd4 29. exd4 g5 30. a4 Bc6 31. Re1 Rb8 32. Kc3 Bxg2 33. Re6+ Kd7 34. Ra6 Rc8+ 35. Kd2 Rb8 36. Kc3 Rc8+ 37. Bc4 Rxc4+ 38. Kxc4 Bf1+ 39. Kc5 Bxa6 40. Kb6 Bd3 41. Kxa5 f5 42. Kb6 f4 43. a5 Kd6 44. a6 Be4 45. b4 Kd5 46. b5 Kxd4 47. Kc7 f3 48. b6 Kd3 49. b7 Ke2 50. b8Q Kxf2 51. Qb2+ Ke3 52. Qc1+ Ke2 53. Qc4+ Ke3 54. Qc5+ Ke2 55. Qe5 Kd3 56. Qb5+ Ke3 57. Qxg5+ Kf2 58. Qf4 Ba8 59. Kb8 Bc6 60. Qd2+ 1-0

[Event "Maastricht Limburg op-B 5th"]
[Site "Maastricht"]
[Date "2011.06.12"]
[Round "4"]
[White "Ingelaere, Tijl"]
[Black "Braam, Marco"]
[Result "1/2-1/2"]
[WhiteElo "1737"]
[BlackElo "1751"]
[PlyCount "51"]
[EventDate "2011.06.10"]
[EventType "swiss"]
[EventRounds "7"]
[EventCountry "NED"]
[SourceTitle "EXT 2012"]
[Source "ChessBase"]
[SourceDate "2011.11.24"]
[SourceVersion "1"]
[SourceVersionDate "2011.11.24"]
[SourceQuality "1"]

1. e4 d5 2. exd5 Qxd5 3. Nc3 Qd6 4. Nf3 Bg4 5. Be2 Nf6 6. d3 c6 7. Nd2 Bxe2 8. Qxe2 e6 9. Nde4 Nxe4 10. Qxe4 Qc7 11. Be3 Nd7 12. 0-0 Bd6 13. h3 Nf6 14. Qf3 0-0 15. Ne4 Nxe4 16. Qxe4 Qd7 17. Bf4 Bxf4 18. Qxf4 Qd5 19. Rfe1 Rac8 20. Qe4 Qc5 21. Re2 Rfd8 22. c3 Rd5 23. d4 Qd6 24. Rd1 c5 25. Red2 c4 26. Re1 1/2-1/2

[Event "Maastricht Limburg op-B 5th"]
[Site "Maastricht"]
[Date "2011.06.10"]
[Round "1"]
[White "Bieberle, Gerhart"]
[Black "Braam, Marco"]
[Result "1/2-1/2"]
[WhiteElo "1900"]
[BlackElo "1751"]
[PlyCount "92"]
[EventDate "2011.06.10"]
[EventType "swiss"]
[EventRounds "7"]
[EventCountry "NED"]
[SourceTitle "EXT 2012"]
[Source "ChessBase"]
[SourceDate "2011.11.24"]
[SourceVersion "1"]
[SourceVersionDate "2011.11.24"]
[SourceQuality "1"]

1. d4 Nf6 2. c4 c5 3. d5 b5 4. b3 bxc4 5. bxc4 d6 6. g3 g6 7. Bb2 Bg7 8. Bg2 0-0 9. e3 Nbd7 10. f4 Nb6 11. Nd2 Ng4 12. Bxg7 Nxe3 13. Qb3 Nxg2+ 14. Kf2 Kxg7 15. Kxg2 Bb7 16. Ngf3 Qd7 17. h4 e6 18. dxe6 fxe6 19. Rhe1 Rae8 20. Rad1 Kg8 21. Ne4 Bxe4 22. Rxe4 d5 23. Ne5 Qb7 24. cxd5 exd5 25. Ree1 c4 26. Qf3 Qc7 27. Qg4 Qd6 28. a4 d4 29. h5 Qd5+ 30. Kh3 Qe6 31. Rxd4 Qxg4+ 32. Kxg4 gxh5+ 33. Kxh5 a5 34. Rb1 Rb8 35. Nxc4 Nxa4 36. Rxb8 Rxb8 37. Rd5 Nc3 38. Rxa5 Rb5+ 39. Rxb5 Nxb5 40. Kh6 Nd4 41. g4 Nc6 42. Ne5 Ne7 43. f5 Kh8 44. Nf7+ Kg8 45. Nd6 Nd5 46. g5 Ne3 1/2-1/2

[Event "Maastricht Limburg op-C 4th"]
[Site "Maastricht"]
[Date "2010.05.24"]
[Round "6"]
[White "Braam, Marco"]
[Black "Ramaekers, Philippe1"]
[Result "1-0"]
[WhiteElo "1675"]
[BlackElo "1601"]
[PlyCount "51"]
[EventDate "2010.05.21"]
[EventType "swiss"]
[EventRounds "7"]
[EventCountry "NED"]
[SourceTitle "EXT 2011"]
[Source "ChessBase"]
[SourceDate "2010.11.26"]
[SourceVersion "1"]
[SourceVersionDate "2010.11.26"]
[SourceQuality "1"]

1. e4 e6 2. Nc3 d5 3. d4 Bb4 4. exd5 Qxd5 5. Nf3 c5 6. Bd2 Bxc3 7. Bxc3 Ne7 8. dxc5 Qxc5 9. Bxg7 Rg8 10. Bd4 Qc7 11. g3 Nbc6 12. Be3 Bd7 13. Bg2 0-0-0 14. 0-0 e5 15. c3 f5 16. Qc2 f4 17. Bc5 Bf5 18. Qa4 e4 19. Nh4 f3 20. Bxe7 fxg2 21. Bxd8 gxf1Q+ 22. Rxf1 Qxd8 23. Nxf5 Re8 24. Rd1 Qf6 25. Nd6+ Kd7 26. Nxe4+ 1-0

[Event "Maastricht Limburg op-C 4th"]
[Site "Maastricht"]
[Date "2010.05.22"]
[Round "2"]
[White "Braam, Marco"]
[Black "Bex, Lennert"]
[Result "1-0"]
[WhiteElo "1675"]
[BlackElo "1235"]
[PlyCount "105"]
[EventDate "2010.05.21"]
[EventType "swiss"]
[EventRounds "7"]
[EventCountry "NED"]
[SourceTitle "EXT 2011"]
[Source "ChessBase"]
[SourceDate "2010.11.26"]
[SourceVersion "1"]
[SourceVersionDate "2010.11.26"]
[SourceQuality "1"]

1. e4 c6 2. d4 d5 3. e5 Bf5 4. Nf3 e6 5. Bd3 Ne7 6. 0-0 Bxd3 7. Qxd3 Nf5 8. Nc3 Qb6 9. Ne2 c5 10. c3 Nc6 11. dxc5 Bxc5 12. b4 Be7 13. Nf4 d4 14. b5 Na5 15. cxd4 Rd8 16. Be3 Nxe3 17. fxe3 0-0 18. a4 Rc8 19. Rac1 a6 20. bxa6 bxa6 21. Rb1 Qc6 22. Ne2 Qxa4 23. Qxa6 Qa3 24. Kh1 Qxe3 25. Qxa5 Qxe2 26. Rfc1 Qe3 27. Re1 Qf2 28. Rf1 Qc2 29. Rbd1 Qc3 30. Qa2 Ra8 31. Qf2 Ra4 32. Rc1 Qa5 33. Rc2 Ra1 34. Rcc1 Rxc1 35. Rxc1 Qa3 36. Rf1 Qb4 37. h4 h6 38. g4 Qb7 39. Qg2 Rd8 40. Kh2 Qe4 41. Kh3 g5 42. hxg5 hxg5 43. Qf2 Rf8 44. Qd2 Qg6 45. Kg3 Rc8 46. Rh1 Rc2 47. Qe3 Ra2 48. Qb3 Rc2 49. Nxg5 Rd2 50. Qb8+ Bf8 51. Rh8+ Kxh8 52. Qxf8+ Qg8 53. Qh6+ 1-0